[Event "World Rapid 2025"]
[Site "Doha QAT"]
[Date "2025.12.27"]
[Round "6.11"]
[White "Nepomniachtchi, Ian"]
[Black "Chigaev, Maksim"]
[Result "0-1"]
[WhiteTitle "GM"]
[BlackTitle "GM"]
[WhiteElo "2723"]
[BlackElo "2626"]
[WhiteFideId "4168119"]
[BlackFideId "4108116"]
[EventDate "2025.12.26"]

1. e4 e5 2. Nf3 Nc6 3. Bc4 Nf6 4. d3 h6 5. Nc3 Bb4 6. O-O Bxc3 7. bxc3 O-O 8. a4
d5 9. exd5 Nxd5 10. Bd2 Bg4 11. h3 Bh5 12. Re1 Re8 13. Rb1 Nb6 14. Bb5 e4 15.
Rxe4 Rxe4 16. dxe4 Ne5 17. Be2 Bxf3 18. gxf3 Qh4 19. f4 Nec4 20. a5 Nxa5 21. Qf1
Rd8 22. Be3 Qf6 23. Rb5 Nc6 24. Rb3 Na5 25. Ra3 Nc6 26. Bd3 Qe7 27. Rb3 a5 28.
Qa1 a4 29. Rb5 a3 30. c4 Ra8 31. c5 Nd7 32. Qa2 Qe6 33. Qxe6 fxe6 34. Bc4 a2 35.
Bxe6+ Kf8 36. Bxa2 Rxa2 37. Rxb7 Ra7 38. Rb3 Ke7 39. Rc3 Ra4 40. f3 g6 41. Kf2
Ke6 42. Ke2 Nf6 43. Kf2 Rxe4 44. f5+ Kxf5 45. Bxh6 Rh4 46. Bg7 Rxh3 47. Rd3 Rh2+ 0-1

[Event "World Rapid 2025"]
[Site "Doha QAT"]
[Date "2025.12.27"]
[Round "6.12"]
[White "Kozak, Adam"]
[Black "Caruana, Fabiano"]
[Result "1/2-1/2"]
[WhiteTitle "GM"]
[BlackTitle "GM"]
[WhiteElo "2546"]
[BlackElo "2795"]
[WhiteFideId "753246"]
[BlackFideId "2020009"]
[EventDate "2025.12.26"]

1. Nf3 d5 2. b3 Bf5 3. Bb2 e6 4. g3 h6 5. Bg2 Nf6 6. O-O Be7 7. d3 O-O 8. Nbd2
Bh7 9. Re1 a5 10. a3 c6 11. e4 Nbd7 12. a4 Bc5 13. Qe2 Rc8 14. Rac1 Qe7 15. exd5
Nxd5 16. d4 Ba3 17. Bxa3 Qxa3 18. Nc4 Qb4 19. Nfe5 N7f6 20. Qd2 Rc7 21. c3 Qxb3
22. Nxa5 Qxa4 23. c4 Ne7 24. Ra1 Qc2 25. Qxc2 Bxc2 26. Ra2 Bf5 27. Rb2 Rd8 28.
Rxb7 Rxb7 29. Nxb7 Rxd4 30. Na5 Ng4 31. Nexc6 Nxc6 32. Nxc6 Rxc4 33. Ne7+ Kh7
34. Nxf5 exf5 35. Bh3 h5 36. Bxg4 hxg4 37. Re2 g5 38. Kg2 f4 39. gxf4 gxf4 40.
Re5 Kg6 41. h3 f5 42. hxg4 fxg4 43. Rb5 Rc2 44. Kg1 Kf6 45. Ra5 Re2 46. Rb5 Re5
47. Rb8 Kf5 48. Kg2 Re2 49. Rb5+ Kf6 50. Kg1 f3 51. Ra5 Re5 52. Ra8 Kg5 53. Rg8+
Kf4 54. Kh2 Rf5 55. Kg1 Rf7 56. Kh2 Rh7+ 57. Kg1 Rh5 58. Rf8+ Rf5 59. Rg8 Ra5
60. Rf8+ Ke4 61. Re8+ Re5 62. Rd8 Rc5 63. Re8+ Kd4 64. Rd8+ Ke5 65. Re8+ Kf5 66.
Rf8+ Ke4 67. Re8+ Re5 68. Rd8 Re7 69. Kh2 g3+ 70. Kxg3 Rg7+ 71. Kh3 Rg2 72. Re8+
Kd4 73. Rd8+ Kc3 74. Rf8 Rxf2 75. Kg3 Rf1 76. Rxf3+ Rxf3+ 77. Kxf3 1/2-1/2

[Event "World Rapid 2025"]
[Site "Doha QAT"]
[Date "2025.12.27"]
[Round "6.13"]
[White "Abdusattorov, Nodirbek"]
[Black "Dardha, Daniel"]
[Result "1/2-1/2"]
[WhiteTitle "GM"]
[BlackTitle "GM"]
[WhiteElo "2732"]
[BlackElo "2603"]
[WhiteFideId "14204118"]
[BlackFideId "240990"]
[EventDate "2025.12.26"]

1. d4 d5 2. c4 e6 3. Nf3 Nf6 4. cxd5 exd5 5. Nc3 c6 6. Bf4 Bd6 7. Bxd6 Qxd6 8.
e3 O-O 9. Bd3 Bg4 10. h3 Bxf3 11. Qxf3 Nbd7 12. O-O Rfe8 13. Rab1 a5 14. Rfc1
Nf8 15. Na4 Ne6 16. h4 Qd8 17. g3 g6 18. Rc2 Kg7 19. a3 h5 20. Nc3 Qd6 21. Bf1
a4 22. Bh3 Ra5 23. Rd2 Nc7 24. Bf1 Ne4 25. Rc2 Nxc3 26. Rxc3 Re7 27. Rbc1 Qd8
28. Bd3 Ne8 29. Re1 Qb6 30. Rc2 Ra8 31. Qd1 Nd6 32. Rce2 Qa5 33. Qc2 Re6 34. Kg2
Qb6 35. Qc5 Qxc5 36. dxc5 Ne4 37. Rc2 Ra5 38. Rec1 f5 39. f3 Nf6 40. Kf2 Nd7 41.
Rc3 Re7 42. Be2 Ra8 43. Bd3 1/2-1/2

[Event "World Rapid 2025"]
[Site "Doha QAT"]
[Date "2025.12.27"]
[Round "6.14"]
[White "Aravindh, Chithambaram VR."]
[Black "Dominguez Perez, Leinier"]
[Result "1/2-1/2"]
[WhiteTitle "GM"]
[BlackTitle "GM"]
[WhiteElo "2703"]
[BlackElo "2738"]
[WhiteFideId "5072786"]
[BlackFideId "3503240"]
[EventDate "2025.12.26"]

1. c4 c6 2. d4 d5 3. Nc3 Nf6 4. Nf3 e6 5. e3 a6 6. a4 c5 7. cxd5 exd5 8. Be2 Nc6
9. O-O Be6 10. b3 cxd4 11. Nxd4 Bc5 12. Ba3 Bxa3 13. Rxa3 Qb6 14. Nxc6 bxc6 15.
a5 Qb4 16. Qc1 O-O 17. Na4 Nd7 18. Ra1 c5 19. Qc3 Qxc3 20. Nxc3 d4 21. exd4 cxd4
22. Na4 Rfb8 23. Rfd1 Rb4 24. Bc4 Bxc4 25. Rxd4 Rxa4 26. bxa4 Be6 27. Rc1 g6 28.
h3 Nf6 29. Rc6 Nd5 30. f4 Kg7 31. g4 Ne7 32. Rb6 h5 33. Rdd6 hxg4 34. hxg4 Bxg4
35. Rxa6 Rc8 36. Rab6 Rc1+ 37. Kf2 Rc2+ 38. Kg1 Nf5 39. Rd3 Ra2 40. Rbb3 Rxa4
41. Ra3 Rb4 42. a6 Rb1+ 43. Kf2 Rb2+ 44. Ke1 Re2+ 45. Kf1 Re8 46. Kf2 Re2+ 47.
Kf1 Re8 48. Kf2 Ra8 49. Rd7 Ne3 50. Rb7 Nc4 51. Ra4 Nd6 52. Rb6 Bd7 53. Ra1 Nc8
54. Rb7 Bc6 55. Rc7 Na7 56. Rb1 Bd5 57. Rd1 Be6 58. Rb1 Nc8 59. Ra1 Na7 60. Rb1
Nc8 61. Ra1 Na7 62. Ra5 Kf6 63. Ke3 Nc8 64. a7 Nxa7 65. Raxa7 Rh8 66. Ra5 Rh3+
67. Kf2 Rb3 68. Rc2 1/2-1/2

[Event "World Rapid 2025"]
[Site "Doha QAT"]
[Date "2025.12.27"]
[Round "6.15"]
[White "Rapport, Richard"]
[Black "Henriquez Villagra, Cristobal"]
[Result "0-1"]
[WhiteTitle "GM"]
[BlackTitle "GM"]
[WhiteElo "2741"]
[BlackElo "2598"]
[WhiteFideId "738590"]
[BlackFideId "3409350"]
[EventDate "2025.12.26"]

1. e4 c5 2. Nf3 g6 3. c3 d5 4. e5 a6 5. d4 Nc6 6. h3 Bg7 7. g3 f6 8. Bg2 fxe5 9.
dxe5 e6 10. Bf4 Nge7 11. h4 b6 12. Nbd2 h6 13. b4 cxb4 14. cxb4 Nxb4 15. Nb3
Nbc6 16. Qd2 Bd7 17. O-O Nf5 18. Bh3 O-O 19. Bxf5 Rxf5 20. Nbd4 Nxd4 21. Nxd4
Rf7 22. Rfe1 Kh7 23. Rac1 Bf8 24. Be3 Bc5 25. Nb3 Bf8 26. Qd3 Kg7 27. Rc2 Bb5
28. Qd2 Kh7 29. Nd4 Qe8 30. Nxb5 axb5 31. Bxb6 Ra4 32. Qd3 Rc4 33. h5 Rf5 34.
hxg6+ Qxg6 35. Rxc4 bxc4 36. Qd4 Rf3 37. a4 Bb4 38. Re2 Rd3 39. Qf4 Rd1+ 40. Kg2
Qh5 0-1

[Event "World Rapid 2025"]
[Site "Doha QAT"]
[Date "2025.12.27"]
[Round "6.16"]
[White "Bu, Xiangzhi"]
[Black "So, Wesley"]
[Result "1/2-1/2"]
[WhiteTitle "GM"]
[BlackTitle "GM"]
[WhiteElo "2665"]
[BlackElo "2753"]
[WhiteFideId "8601445"]
[BlackFideId "5202213"]
[EventDate "2025.12.26"]

1. Nf3 d5 2. d4 Nf6 3. c4 e6 4. Nc3 Be7 5. Bg5 h6 6. Bh4 dxc4 7. e3 c5 8. Bxc4
cxd4 9. Nxd4 Bd7 10. O-O O-O 11. Qb3 Nc6 12. Nxc6 Bxc6 13. Rfd1 Qb6 14. Qxb6
axb6 15. Rac1 Rfc8 16. Bb3 b5 17. Ne2 g5 18. Bg3 Ne4 19. Nd4 Bf6 20. f3 Nxg3 21.
hxg3 Kf8 22. g4 Ke7 23. Kf2 Bd7 24. Rxc8 Rxc8 25. Rh1 Bg7 26. Ke2 b4 27. Rd1 Be5
28. Rh1 Rh8 29. Kf2 Bd6 30. Ke2 b6 31. Bc2 Be5 32. Bb3 Bg7 33. Rc1 Rc8 34. Rh1
Rc5 35. Kf2 f5 36. Rd1 fxg4 37. fxg4 Rc8 38. Ke2 Rc5 39. Kf2 Rc7 40. Rh1 Rc8 41.
Ke2 Rf8 42. Rd1 Bf6 43. Bc4 h5 44. Bb5 Bxb5+ 45. Nxb5 hxg4 46. Rd6 Ra8 47. Rxb6
Rxa2 48. Rb7+ Kf8 49. Nc7 Rxb2+ 50. Kd3 Rxg2 51. Nxe6+ Kg8 52. Rxb4 Kf7 53. Nc5
Be7 54. Rb7 g3 55. Ne4 Ke6 56. Rb5 g4 57. Rb6+ Kf7 58. Rb1 Kg6 59. Rb6+ Kf7 60.
Rb1 Bh4 61. Rb7+ Ke6 62. Rb6+ Kd7 63. Rg6 Rg1 64. Rxg4 g2 65. Nc3 Bf2 66. Ne2
Rd1+ 67. Kc2 Re1 68. Kd2 Rxe2+ 69. Kxe2 g1=Q 1/2-1/2

[Event "World Rapid 2025"]
[Site "Doha QAT"]
[Date "2025.12.27"]
[Round "6.17"]
[White "Tabatabaei, M. Amin"]
[Black "Dubov, Daniil"]
[Result "1/2-1/2"]
[WhiteTitle "GM"]
[BlackTitle "GM"]
[WhiteElo "2700"]
[BlackElo "2672"]
[WhiteFideId "12521213"]
[BlackFideId "24126055"]
[EventDate "2025.12.26"]

1. e4 c5 2. Nf3 d6 3. Bb5+ Bd7 4. Bxd7+ Qxd7 5. c4 e5 6. Nc3 Nc6 7. d3 Be7 8.
O-O Bd8 9. a3 Nge7 10. Rb1 O-O 11. b4 f5 12. bxc5 dxc5 13. Nd5 f4 14. a4 Ng6 15.
Bb2 Ba5 16. Ng5 h6 17. Qh5 Qd6 18. Nf3 Qe6 19. g4 fxg3 20. hxg3 Rf7 21. Nh2 Raf8
22. Ng4 Bd2 23. Kg2 Bg5 24. Nge3 Bxe3 25. Nxe3 Rf3 26. Qxf3 Rxf3 27. Kxf3 Nb4
28. Bc3 a5 29. Nd5 Qd7 30. Ra1 Nh4+ 31. Ke2 Qg4+ 32. f3 Qxg3 33. Be1 Qg2+ 34.
Rf2 Qh3 35. Bc3 Qg3 36. Raf1 Ng6 37. Bd2 h5 38. Rh1 Nc2 39. Be3 b6 40. Rfh2 Nh4
41. Rxh4 Qg2+ 42. Kd1 Nxe3+ 43. Nxe3 Qxf3+ 44. Kd2 Qf2+ 45. Kc3 Qxe3 46. Rxh5
Qd4+ 47. Kc2 Qf2+ 48. Kc3 Qa2 49. Rh8+ Kf7 50. Rf1+ Ke7 51. Rg8 Qa3+ 52. Kd2
Qb2+ 53. Ke3 Qd4+ 54. Ke2 Qb2+ 55. Ke3 Qd4+ 56. Ke2 Qb2+ 57. Ke3 Qd4+ 1/2-1/2

[Event "World Rapid 2025"]
[Site "Doha QAT"]
[Date "2025.12.27"]
[Round "6.18"]
[White "Pichot, Alan"]
[Black "Grischuk, Alexander"]
[Result "1/2-1/2"]
[WhiteTitle "GM"]
[BlackTitle "GM"]
[WhiteElo "2597"]
[BlackElo "2654"]
[WhiteFideId "110973"]
[BlackFideId "4126025"]
[EventDate "2025.12.26"]

1. e4 c5 2. Nf3 d6 3. d4 cxd4 4. Nxd4 Nf6 5. Nc3 a6 6. a4 g6 7. Be2 Bg7 8. Be3
O-O 9. O-O Nc6 10. Qd2 Bd7 11. f3 Rc8 12. Nxc6 Bxc6 13. a5 Nd7 14. Ra2 f5 15.
exf5 Rxf5 16. Bc4+ Kh8 17. Bd5 Bxd5 18. Nxd5 e6 19. Nb6 1/2-1/2

[Event "World Rapid 2025"]
[Site "Doha QAT"]
[Date "2025.12.27"]
[Round "6.19"]
[White "Andreikin, Dmitry"]
[Black "Shimanov, Aleksandr"]
[Result "0-1"]
[WhiteTitle "GM"]
[BlackTitle "GM"]
[WhiteElo "2710"]
[BlackElo "2578"]
[WhiteFideId "4158814"]
[BlackFideId "4198603"]
[EventDate "2025.12.26"]

1. e4 e6 2. d4 d5 3. Nd2 c5 4. dxc5 Bxc5 5. Bd3 Nc6 6. Ngf3 Nf6 7. O-O O-O 8.
Qe2 Qc7 9. c3 h6 10. e5 Ng4 11. Nb3 Bb6 12. Nbd4 Ncxe5 13. Nxe5 Nxe5 14. Bf4 f6
15. Rae1 Bd7 16. Qh5 Qd8 17. Bxe5 fxe5 18. Rxe5 Qf6 19. Re3 Bxd4 20. cxd4 Qxd4
21. Qg6 Rf6 22. Qh7+ Kf7 23. h3 Rg8 24. Rc1 Qxb2 25. Rc7 Qxf2+ 26. Kh1 Rd8 27.
Bg6+ Ke7 28. Qxg7+ Kd6 29. Rcc3 Rc8 30. Rxc8 Bxc8 31. Qxh6 Rxg6 32. Qxg6 Qxe3
33. Qg8 Bd7 34. Qf8+ Kc7 35. Qe7 b6 36. h4 d4 37. h5 Qe1+ 38. Kh2 Qe5+ 0-1

[Event "World Rapid 2025"]
[Site "Doha QAT"]
[Date "2025.12.27"]
[Round "6.20"]
[White "Maghsoodloo, Parham"]
[Black "Zemlyanskii, Ivan"]
[Result "0-1"]
[WhiteTitle "GM"]
[BlackTitle "GM"]
[WhiteElo "2708"]
[BlackElo "2592"]
[WhiteFideId "12539929"]
[BlackFideId "24249971"]
[EventDate "2025.12.26"]

1. c4 e5 2. d3 Bb4+ 3. Nd2 c5 4. Nf3 Nc6 5. g3 Nge7 6. Bg2 d6 7. O-O Ba5 8. b3
O-O 9. Bb2 Bf5 10. a3 Qd7 11. Ne4 Rad8 12. e3 h6 13. Nh4 Bg4 14. f3 Be6 15. f4
f5 16. Nf2 exf4 17. gxf4 d5 18. Kh1 d4 19. e4 Bc7 20. Bc1 fxe4 21. Nxe4 b6 22.
Ra2 Rf7 23. Raf2 Rdf8 24. Qe1 a5 25. Ng3 Bh3 26. Qe4 Ne5 27. f5 Bxg2+ 28. Rxg2
g5 29. Rfg1 Qc6 30. Nh5 Kh8 31. Qxc6 N5xc6 32. f6 Rxf6 33. Nxf6 Rxf6 34. Bxg5
hxg5 35. Rxg5 Bf4 36. Rh5+ Bh6 37. Rg4 Kh7 38. Kg2 Rf7 39. h3 Rf6 40. Nf3 Rg6
41. Ng5+ Kg7 0-1

[Event "World Rapid 2025"]
[Site "Doha QAT"]
[Date "2025.12.27"]
[Round "6.21"]
[White "Lazavik, Denis"]
[Black "Santos Latasa, Jaime"]
[Result "1-0"]
[WhiteTitle "GM"]
[BlackTitle "GM"]
[WhiteElo "2605"]
[BlackElo "2616"]
[WhiteFideId "13515110"]
[BlackFideId "2293307"]
[EventDate "2025.12.26"]

1. c4 e6 2. g3 d5 3. Bg2 Nf6 4. Nf3 d4 5. d3 Nc6 6. O-O Bc5 7. Nbd2 O-O 8. Nb3
Be7 9. e3 dxe3 10. Bxe3 a5 11. Nbd4 Nxd4 12. Bxd4 Bd7 13. Qe2 c5 14. Bc3 Bc6 15.
Rad1 Qc7 16. d4 Rfd8 17. b3 h6 18. dxc5 Bxc5 19. Nd4 Bxg2 20. Kxg2 Rd7 21. Qf3
Bb4 22. Nb5 Qc6 23. Rxd7 Nxd7 24. Rd1 Nf6 25. Bb2 Be7 26. Qxc6 bxc6 27. Nc3 Kf8
28. Kf3 Ke8 29. Na4 g6 30. Bc3 Ra6 31. h3 Nd7 32. Bd4 f5 33. Be3 g5 34. Ke2 c5
35. f3 Rd6 36. Rxd6 Bxd6 37. g4 Ke7 38. Nb2 Kf6 39. Nd3 Kg6 40. Bd2 Bc7 41. Bc3
h5 42. Ke3 Kh6 43. Ke2 Kg6 44. Bd2 Bd8 45. Be3 Be7 46. Bf2 Bd6 47. Be3 Be7 48.
Kd2 Bd6 49. Kc2 e5 50. gxf5+ Kxf5 51. Nf2 Nf6 52. Kd3 Be7 53. a3 Bf8 54. Bd2 Bd6
55. Ne4 Nxe4 56. fxe4+ Kf6 57. Bxa5 g4 58. hxg4 hxg4 59. Be1 Ke6 60. b4 Be7 61.
b5 Kd6 62. a4 Bg5 63. a5 Bf4 64. Ke2 Bc1 65. a6 Kc7 66. Ba5+ Kb8 67. Bd8 Ka7 68.
Be7 Kb6 69. Bxc5+ 1-0

[Event "World Rapid 2025"]
[Site "Doha QAT"]
[Date "2025.12.27"]
[Round "6.22"]
[White "Le, Tuan Minh"]
[Black "Sevian, Samuel"]
[Result "1/2-1/2"]
[WhiteTitle "GM"]
[BlackTitle "GM"]
[WhiteElo "2598"]
[BlackElo "2688"]
[WhiteFideId "12401153"]
[BlackFideId "2040506"]
[EventDate "2025.12.26"]

1. d4 Nf6 2. c4 e6 3. Nf3 b6 4. g3 Ba6 5. Qb3 Nc6 6. Nbd2 Na5 7. Qc2 c5 8. dxc5
bxc5 9. Bg2 Nc6 10. O-O Be7 11. b3 O-O 12. Bb2 Rc8 13. Rfd1 d5 14. e3 h6 15.
Rac1 Qb6 16. Ne5 Nxe5 17. Bxe5 Rfd8 18. Nf3 dxc4 19. bxc4 Bb7 20. Bxf6 Bxf6 21.
Nd2 1/2-1/2

[Event "World Rapid 2025"]
[Site "Doha QAT"]
[Date "2025.12.27"]
[Round "6.23"]
[White "Esipenko, Andrey"]
[Black "Kosakowski, Jakub"]
[Result "0-1"]
[WhiteTitle "GM"]
[BlackTitle "GM"]
[WhiteElo "2698"]
[BlackElo "2549"]
[WhiteFideId "24175439"]
[BlackFideId "1185080"]
[EventDate "2025.12.26"]

1. e4 c5 2. Nf3 d6 3. d4 cxd4 4. Nxd4 Nf6 5. Nc3 a6 6. Bd3 e5 7. Nde2 Be7 8. O-O
O-O 9. a3 Re8 10. h3 b5 11. Ng3 g6 12. f4 exf4 13. Bxf4 Nc6 14. Qd2 Be6 15. Nd5
Bxd5 16. exd5 Ne5 17. Rae1 Nxd5 18. Bxg6 Nxf4 19. Bxf7+ Nxf7 20. Qxf4 Ne5 21.
Nh5 Kh8 22. Rxe5 dxe5 23. Qxe5+ Bf6 24. Qxf6+ Qxf6 25. Rxf6 Re5 26. Nf4 a5 27.
Kf2 Rc8 28. c3 Rd8 29. Ne6 Rd2+ 30. Kf3 h5 31. Nf4 Rc5 32. Rf8+ Kh7 33. Rf7+ Kg8
34. Ra7 a4 35. Ra8+ Kf7 36. Ra7+ Ke8 37. Ne6 Rc4 38. Nc7+ Kd8 39. Nxb5 Rxb2 40.
Ra5 Rc5 41. Ra8+ Ke7 42. Ra7+ Kf6 43. Ra6+ Ke5 44. c4 Rxc4 45. Rh6 Rb3+ 46. Ke2
Rc2+ 47. Kd1 Rxg2 48. Rxh5+ Ke4 49. Kc1 Rf3 50. Nd6+ Kd4 51. Rf5 Rxh3 52. Rf1
Kc3 53. Ne4+ Kb3 54. Nd2+ Kxa3 55. Kc2 Rhh2 56. Rf3+ Ka2 0-1

[Event "World Rapid 2025"]
[Site "Doha QAT"]
[Date "2025.12.27"]
[Round "6.24"]
[White "Gurel, Ediz"]
[Black "Le, Quang Liem"]
[Result "0-1"]
[WhiteTitle "GM"]
[BlackTitle "GM"]
[WhiteElo "2645"]
[BlackElo "2731"]
[WhiteFideId "44507356"]
[BlackFideId "12401137"]
[EventDate "2025.12.26"]

1. e4 e5 2. Nf3 Nc6 3. Bb5 a6 4. Bxc6 dxc6 5. O-O Qf6 6. d4 exd4 7. Bg5 Qd6 8.
Nxd4 Be7 9. Bxe7 Nxe7 10. Nc3 Bd7 11. Nb3 Qxd1 12. Raxd1 b6 13. f4 c5 14. Nd2
O-O-O 15. Nf3 f6 16. Kf2 Rhe8 17. f5 Nc6 18. Rfe1 Ne5 19. Nxe5 Rxe5 20. g4 Rde8
21. Kf3 Bc6 22. Re3 b5 23. Rde1 Rd8 24. Rd3 Rd4 25. Rxd4 cxd4 26. Nd1 b4 27. Nf2
Bb5 28. Rd1 Rc5 29. Rd2 a5 30. h4 Ba4 31. b3 Be8 32. Kf4 Rc3 33. g5 Bh5 34. Nd3
Kd7 35. e5 Ke7 36. gxf6+ gxf6 37. Rg2 Kf7 38. e6+ Kf8 39. Ke4 Bd1 40. Kxd4 Bxc2
41. Nf4 c6 42. Re2 Ke7 43. Rg2 Kd6 44. Rxc2 Rxc2 0-1

[Event "World Rapid 2025"]
[Site "Doha QAT"]
[Date "2025.12.27"]
[Round "6.25"]
[White "Bortnyk, Olexandr"]
[Black "Madaminov, Mukhiddin"]
[Result "0-1"]
[WhiteTitle "GM"]
[BlackTitle "GM"]
[WhiteElo "2601"]
[BlackElo "2552"]
[WhiteFideId "14120828"]
[BlackFideId "14210703"]
[EventDate "2025.12.26"]

1. d4 d5 2. Nc3 Nf6 3. Bf4 c5 4. e4 cxd4 5. Qxd4 Nc6 6. Bb5 Bd7 7. Bxc6 Bxc6 8.
e5 Nd7 9. e6 fxe6 10. Nf3 Qb6 11. Qd2 d4 12. Qxd4 Bxf3 13. Qxb6 Nxb6 14. gxf3 g6
15. O-O-O Bg7 16. Rhe1 Bxc3 17. bxc3 Kf7 18. Rd4 Rhc8 19. Be5 Rc4 20. h4 h5 21.
Rde4 Rac8 22. Bd4 Nd5 23. Rxe6 R8c7 24. Kb2 Nxc3 25. Bxc3 Rxc3 26. Rxe7+ Rxe7
27. Rxe7+ Kxe7 28. Kxc3 g5 29. Kd3 gxh4 30. Ke2 b5 31. Kf1 b4 32. Kg2 Kf6 33.
Kh3 Kg5 34. f4+ Kxf4 35. Kxh4 Kf3 36. Kxh5 Kxf2 37. Kg4 Ke3 38. Kf5 Kd2 39. Ke4
Kxc2 0-1

[Event "World Rapid 2025"]
[Site "Doha QAT"]
[Date "2025.12.27"]
[Round "6.26"]
[White "Erdogmus, Yagiz Kaan"]
[Black "Lu, Shanglei"]
[Result "1-0"]
[WhiteTitle "GM"]
[BlackTitle "GM"]
[WhiteElo "2658"]
[BlackElo "2643"]
[WhiteFideId "44599790"]
[BlackFideId "8603332"]
[EventDate "2025.12.26"]

1. c4 Nf6 2. Nc3 e6 3. e4 c5 4. e5 Ng8 5. d4 cxd4 6. Qxd4 Nc6 7. Qf4 d6 8. Nf3
Nh6 9. Be2 Nf5 10. O-O dxe5 11. Nxe5 Bd6 12. Rd1 O-O 13. Qe4 Nxe5 14. c5 Nc6 15.
cxd6 Nxd6 16. Qf3 Qe7 17. b3 Nf5 18. Nb5 Rd8 19. Ba3 Rxd1+ 20. Rxd1 Qf6 21. Qe4
h6 22. g4 Nh4 23. Nc7 Rb8 24. Ne8 Qg6 25. Qxg6 Nxg6 26. Bd6 Ra8 27. Nc7 Rb8 28.
Nxe6 Ra8 29. Nc7 Rb8 30. Bg3 Kh7 31. h4 Nge5 32. Nb5 a6 33. Na7 Ra8 34. Nxc8
Rxc8 35. f4 Ng6 36. Rd7 Re8 37. Bd3 Kg8 38. Rxb7 Re3 39. Bxg6 fxg6 40. Bf2 Re4
41. Rb6 Nb4 42. Rxg6 Nxa2 43. Rxa6 Nc1 44. Ra4 Re2 45. b4 Nd3 46. Bd4 Re1+ 47.
Kg2 Rb1 48. Kf3 Rxb4 49. Ra8+ Kh7 50. Rd8 Rb7 51. g5 Rf7 52. Be3 Ne5+ 53. Ke4
Ng4 54. f5 hxg5 55. hxg5 g6 56. f6 Nxe3 57. Kxe3 Ra7 58. Ke4 Ra4+ 59. Rd4 Ra7
60. Ke5 Kg8 61. Ke6 Ra6+ 62. Ke7 Ra7+ 63. Rd7 Rxd7+ 64. Kxd7 Kf7 65. Kd6 Kf8 66.
f7 Kxf7 67. Kd7 1-0

[Event "World Rapid 2025"]
[Site "Doha QAT"]
[Date "2025.12.27"]
[Round "6.27"]
[White "Mamedov, Rauf"]
[Black "Gharibyan, Mamikon"]
[Result "1-0"]
[WhiteTitle "GM"]
[BlackTitle "GM"]
[WhiteElo "2645"]
[BlackElo "2491"]
[WhiteFideId "13401653"]
[BlackFideId "13308300"]
[EventDate "2025.12.26"]

1. Nf3 d5 2. g3 c5 3. Bg2 Nc6 4. d4 e6 5. O-O cxd4 6. Nxd4 Bc5 7. Nb3 Bb6 8. c4
Nge7 9. cxd5 exd5 10. Nc3 d4 11. Na4 O-O 12. Bg5 Re8 13. Rc1 f6 14. Bd2 Bg4 15.
h3 Bh5 16. Nbc5 Bxc5 17. Nxc5 Qb6 18. b4 Bf7 19. Qa4 a6 20. Rfe1 Rad8 21. a3 h6
22. h4 Bd5 23. Bxd5+ Rxd5 24. e4 Rdd8 25. f4 Kh8 26. Kg2 Qa7 27. b5 axb5 28.
Qxa7 Nxa7 29. Nxb7 Ra8 30. Nd6 Reb8 31. Rc7 Nac6 32. Bb4 Kg8 33. Bc5 h5 34. Rb1
Ra4 35. Rxb5 Rxb5 36. Nxb5 d3 37. Bxe7 d2 38. Nc3 Rc4 39. Nd1 Rc1 40. Nf2 Nxe7
41. Rxe7 d1=Q 42. Nxd1 Rxd1 43. Ra7 Rd2+ 44. Kf3 Rd3+ 45. Kf2 Kh7 46. f5 Kg8 47.
a4 Kf8 48. a5 Ra3 49. a6 Kg8 50. Kg2 Kf8 51. Ra8+ Kf7 52. a7 Ra2+ 53. Kf3 Ra3+
54. Kf4 Ra1 55. g4 hxg4 56. Kxg4 Ra4 57. Kf4 Ra1 58. h5 Ra2 59. h6 gxh6 60. Rh8 1-0

[Event "World Rapid 2025"]
[Site "Doha QAT"]
[Date "2025.12.27"]
[Round "6.28"]
[White "Iturrizaga Bonelli, Eduardo"]
[Black "Movahed, Sina"]
[Result "0-1"]
[WhiteTitle "GM"]
[BlackTitle "GM"]
[WhiteElo "2592"]
[BlackElo "2596"]
[WhiteFideId "3901211"]
[BlackFideId "42520835"]
[EventDate "2025.12.26"]

1. d4 Nf6 2. c4 g6 3. Nc3 Bg7 4. g3 O-O 5. Bg2 d6 6. Nf3 c5 7. d5 e6 8. O-O Re8
9. Bf4 e5 10. Bc1 e4 11. Ne1 Nbd7 12. Nc2 a6 13. a4 Ne5 14. Ne3 Nfg4 15. Nxg4
Bxg4 16. Qb3 f5 17. Bd2 Bh5 18. h3 Nf7 19. Rae1 g5 20. a5 Bg6 21. Na4 Qe7 22. f4
e3 23. Bc3 Bh6 24. fxg5 Nxg5 25. Kh2 Rf8 26. Rf4 Ne4 27. Ref1 Bxf4 28. gxf4 Nd2
29. Bxd2 exd2 30. Bf3 Qh4 31. Qe3 Qe1 0-1

[Event "World Rapid 2025"]
[Site "Doha QAT"]
[Date "2025.12.27"]
[Round "6.29"]
[White "Meng, Yihan"]
[Black "Motylev, Alexander"]
[Result "1/2-1/2"]
[WhiteTitle "IM"]
[BlackTitle "GM"]
[WhiteElo "2456"]
[BlackElo "2573"]
[WhiteFideId "8631891"]
[BlackFideId "4121830"]
[EventDate "2025.12.26"]

1. e4 e5 2. Nf3 Nc6 3. Bc4 Bc5 4. d3 Nf6 5. Nc3 d6 6. Na4 Bb6 7. a3 h6 8. O-O
Qe7 9. b4 O-O 10. h3 Be6 11. Bxe6 Qxe6 12. Bb2 Nd7 13. Nh4 Ne7 14. Qg4 Nf6 15.
Qxe6 fxe6 16. Nf3 Nd7 17. Nd2 Nc6 18. Nb3 a6 19. Nxb6 Nxb6 20. c4 Na4 21. Rab1
a5 22. b5 Nb8 23. Bc1 Nd7 24. Be3 b6 25. Rbc1 Nac5 26. Nxc5 Nxc5 27. Bxc5 1/2-1/2

[Event "World Rapid 2025"]
[Site "Doha QAT"]
[Date "2025.12.27"]
[Round "6.30"]
[White "Makhnev, Denis"]
[Black "Aronian, Levon"]
[Result "1-0"]
[WhiteTitle "GM"]
[BlackTitle "GM"]
[WhiteElo "2532"]
[BlackElo "2729"]
[WhiteFideId "13707647"]
[BlackFideId "13300474"]
[EventDate "2025.12.26"]

1. d4 d5 2. Nf3 e6 3. c4 Nd7 4. g3 dxc4 5. Bg2 Rb8 6. a4 b6 7. O-O a5 8. Qc2 Ba6
9. Rd1 Bb4 10. Na3 Ne7 11. Nxc4 O-O 12. e4 h6 13. b3 Bb7 14. Bb2 Qe8 15. Nfe5
Nxe5 16. Nxe5 Bd6 17. Nc4 Bb4 18. Ne5 Bd6 19. d5 exd5 20. exd5 Nxd5 21. Rxd5
Bxd5 22. Bxd5 Bxe5 23. Re1 Qd7 24. Rxe5 Kh8 25. Rh5 f6 26. Qg6 Rbe8 27. Kg2 c6
28. Be4 Rxe4 29. Qxe4 Qf7 30. Qf3 Rd8 31. Rxh6+ 1-0

[Event "World Rapid 2025"]
[Site "Doha QAT"]
[Date "2025.12.27"]
[Round "6.31"]
[White "Firouzja, Alireza"]
[Black "Sahidi, Samir"]
[Result "1-0"]
[WhiteTitle "GM"]
[BlackTitle "IM"]
[WhiteElo "2762"]
[BlackElo "2516"]
[WhiteFideId "12573981"]
[BlackFideId "14936372"]
[EventDate "2025.12.26"]

1. e4 e5 2. Nf3 Nc6 3. Bc4 Nf6 4. d3 Bc5 5. c3 d6 6. a4 a6 7. Bg5 h6 8. Bh4 Ba7
9. Nbd2 Qe7 10. O-O Bg4 11. b4 g5 12. Bg3 Nh5 13. Kh1 Nf4 14. b5 Na5 15. bxa6
bxa6 16. Bxa6 Kf8 17. Bxf4 gxf4 18. Rb1 Kg7 19. Qe2 Qf6 20. h3 Bh5 21. d4 Bb6
22. Qd3 Bg6 23. Bc4 Nxc4 24. Nxc4 d5 25. dxe5 Qe6 26. Qxd5 Qxd5 27. exd5 Bxb1
28. Nxb6 cxb6 29. Rxb1 Rxa4 30. Rxb6 Rc8 31. Rb7 Kf8 32. d6 Rac4 33. Nd4 Re8 34.
e6 fxe6 35. d7 Rd8 36. Nxe6+ Ke7 37. Nxd8 Kxd8 38. Rb4 Rxc3 39. Rxf4 Rc5 40. Rd4 1-0